000 00778nam a2200241 i 4500
001 22048
003 ES-MaACL
005 20250807232512.0
007 t|
008 021129s1987 sp ||||1| spa d
020 _a8486072603
100 1 _aAlférez, María del Mar.
_9176770
245 1 3 _aEl don y lo posible /
_cMaría del Mar Alférez ; prólogo de María del Pilar Palomo.
250 _a1ª ed.
260 _aMadrid :
_bTorremozas,
_c1987.
300 _a55 p. ;
_c17 cm.
490 1 _aColección Torremozas de poesía de mujeres ;
_v42
700 1 _aPalomo, María del Pilar,
_d1933-
_9144616
830 0 0 _aColección Torremozas de poesía de mujeres
_v42
_9177494
852 _aES-MaACL
_jL-12653
_bR.114296
942 _2udc
999 _c22048
_d22048